Liptovská Štiavnica západná strana kaštieľa

Zobrazenie: pohľad západnú stranu kaštieľa v Liptovskej Štiavnici

Bibliographic Details
Format: Postcard
Language:Slovak
PhysicalDescription:1 pohľadnica čiernobiela 11 x 15 cm
Published: [Liptovský Mikuláš] Pavel Fiedler 1970
Subjects:

MARC

LEADER 00000nkm a2200000 4500
001 vtls011763821
003 SK-MaSNL
005 20260512125239.0
007 kp bo
008 210928s1970 xo g 00 k|slo
015 |a SNBG1970 
040 |a SNK  |b slo  |c SNK  |e rda 
041 0 |a slo 
043 |a e-xo--- 
044 |a xo  |c SK 
072 7 |a 913  |x Regionálna geografia  |2 konspekt 
080 |a 913(437.6)  |2 2011 
080 |a (084.121)  |2 2011 
080 |a 728.82  |2 2011 
245 0 0 |a Liptovská Štiavnica  |b západná strana kaštieľa 
264 1 |a [Liptovský Mikuláš]  |b Pavel Fiedler  |c 1970 
300 |a 1 pohľadnica  |b čiernobiela  |c 11 x 15 cm 
336 |a statický obraz  |b sti  |2 rdacontent 
337 |a bez média  |b n  |2 rdamedia 
338 |a karta  |b no  |2 rdacarrier 
520 8 |a Zobrazenie: pohľad západnú stranu kaštieľa v Liptovskej Štiavnici 
610 1 |a Liptovská Štiavnica (Slovensko : kaštieľ)  |2 SNKKA  |9 201930 
650 0 7 |a kaštiele  |2 SNKPH  |9 28599 
651 7 |a Liptovská Štiavnica (Slovensko)  |2 SNKPHgeo  |9 112827 
655 7 |a miestne pohľadnice  |2 SNKPH  |9 70510 
958 |a GBN 
958 |a TL 
958 |a GC 
958 |a OND 
999 |c 1027785  |d 1029715 
952 |a SNK  |b SNK  |y PREZ  |7 0  |p 17A1244976  |o snkSP 43307  |0 0  |1 0  |4 0  |d 2018-06-25  |f 1  |l 0  |r 2026-02-24 13:44:45  |w 2026-02-24